00590nam a2200241Ia 4500008004100000020001500041050001100056050001400067100001300081245002500094245004100119245001700160260001800177260001400195260000900209300001600218300002000234300001000254650002100264650003300285650001100318999001900329170712s9999 xx 000 0 und d a9715903800 a372.37 bG293 2007 aGebhardt 4aThe facts of life :  ba handbook for parents and teachers/ cby Gebhardt. aPhilippines : bPaulines, c2007 a157 pages : billustrations ; c17cm. aDeacon, Stephen. aSex instructionfor children. xTitle. c340383d340383